| 000 | 00416nam a22001697a 4500 | ||
|---|---|---|---|
| 005 | 20260509111649.0 | ||
| 008 | 160530b xxu||||| |||| 00| 0 eng d | ||
| 020 | _a81-85989-93-1 | ||
| 041 | _aeng | ||
| 082 | _a659.1 | ||
| 100 |
_aBhatia, R.C. _9400 |
||
| 245 | _aMarketing Communication and Advertising | ||
| 260 |
_aNew Delhi _bGalgotia Publ. Pvt. Ltd. |
||
| 300 | _a390 | ||
| 650 | _aManagement | ||
| 942 | _cBK | ||
| 999 |
_c2142 _d2141 |
||